000 00686nam a2200241Ia 4500
005 20260430150345.0
008 008 250103s9999 xx 000 0 eng d
037 _aTheses
040 _aCRL
040 _beng
040 _ceng
041 _2eng
041 _aeng
084 _qCRL
100 _aNanda Shaweta Au.; Chattarji Subarno Gu.; Basu Tapan Gu.
_91237248
245 0 _aRe- Creating the Self: Representations of Black Female Body in Black Women Artists Visual Arena
260 _c2023
300 _a513p.
650 _aEnglish Literature
700 _aUniversity of Delhi. Faculty of Arts. Deptt.of English
_91237245
942 _cTH
999 _c1849591
_d1849591